Top 10 des personnalités préférées des Français en 2025 - Statistiques

Statistiques générales
  • Ce quiz a été pris 101 fois
  • Le résultat moyen est 5 sur 10
Statistiques - réponses
Domaine Célébrité % Correct
Francis Cabrel Francis Cabrel
76%
Musique Jean-Jacques Goldman
68%
Espace / Sciences Thomas Pesquet
63%
Sport Léon Marchand
56%
Sport Teddy Riner
56%
Cinéma Omar Sy
54%
Politique Jordan Bardella
49%
Sport Antoine Dupont
31%
Musique Soprano
29%
Musique Florent Pagny
14%
Aucun quiz correspondant
Distribution des résultats
% des personnes avec chaque résultat
Percentile par nombre de réponses
Votre historique - résultats
Vous n’avez pas pris ce quiz